| 000 | 00652nam a22002417i 4500 | ||
|---|---|---|---|
| 999 |
_c200447175 _d65387 |
||
| 001 | 200447175 | ||
| 003 | TR-AnTOB | ||
| 005 | 20220215162351.0 | ||
| 007 | ta | ||
| 008 | 220207s1988 enk 000 0 eng d | ||
| 040 |
_aTR-AnTOB _beng _erda _cTR-AnTOB |
||
| 041 | 0 | _aeng | |
| 099 | _aEDC 4411.3 EUR 1988 | ||
| 999 | _aGU 07.02.2022 | ||
| 245 | 0 | 0 |
_aEuromoney, 1992 : _btoward a single market |
| 264 | 1 |
_aLondon : _bEuromoney, _c1988. |
|
| 300 |
_a172 pages : _billustration ; _c30 cm |
||
| 336 |
_atext _btxt _2rdacontent |
||
| 337 |
_aunmediated _bn _2rdamedia |
||
| 338 |
_avolume _bnc _2rdacarrier |
||
| 650 | 0 |
_aMoney _93547 |
|
| 942 |
_2lcc _cBK |
||